The Specials Discography - Statistics

General Stats
  • This quiz has been taken 5 times
  • The average score is 7 of 29
Answer Stats
Type Year Name % Correct
Album 1979 The Specials
100%
Album 1980 More Specials
75%
Compilation 1996 Too Much Too Young: The Gold Collection
75%
Live EP 1980 Too Much Too Young - The Special A.K.A. Live!
75%
Compilation 1999 Best of the Specials
50%
Compilation 2004 Ghost Town
50%
Album 1984 In the Studio
50%
Compilation 2008 The Best of The Specials
50%
Compilation 2006 Greatest Hits
25%
Album 1998 Guilty 'til Proved Innocent!
25%
Collaborative Album 1993 King of Kings
25%
Live Album 1997 Live at the Moonlight Club
25%
Live Album 2012 More... Or Less: The Specials Live
25%
Compilation 2000 Stereo-Typical: A's, B's and Rarities
25%
Cover Album 1996 Today's Specials
25%
Collaborative Compilation 2006 80's New Wave Hits
0%
Compilation 2001 Archive
0%
Compilation 1998 BBC Sessions
0%
Live Album 1999 Blue Plate Specials Live
0%
Compilation 1998 Concrete Jungle
0%
Cover Album 2001 Conquering Ruler
0%
Compilation 1994 Coventry Automatics AKA The Specials: Dawning of a New Era
0%
Live Album 1999 Ghost Town Live
0%
Live Album 1994 Live at the Palace
0%
Live Album 1987 Peel Sessions
0%
Cover Album 2000 Skinhead Girl
0%
Compilation 1991 The Singles Collection
0%
Collaborative Compilation 2002 The Specials vs. The Untouchables: Ska's Greatest Stars
0%
EP 1993 The Two Tone EP
0%
No matching quizzes found
Score Distribution
Percent of People with Each Score
Percentile by Number Answered
Your Score History
You have not taken this quiz